| 000 | 00530nam a2200181 a 4500 | ||
|---|---|---|---|
| 001 | 000016056 | ||
| 005 | 20240530073918.0 | ||
| 008 | 100224s1999 dr a 000 f spa d | ||
| 040 |
_aDO-SdBNP _bspa _cBNPHU |
||
| 082 |
_aRD863.44 _bP192h |
||
| 100 | 1 |
_aPaniagua, Ángel D. _936025 |
|
| 245 | 1 | 3 |
_aEl hombre y la gran montaña / _cÁngel D. Paniagua. |
| 260 |
_a[Santo Domingo : _bs.n., _c1999?]. |
||
| 300 |
_a46 p. : _bil. ; _c14 cm. |
||
| 650 | 0 |
_aNovela dominicana _9223 |
|
| 650 | 0 |
_aLiteratura dominicana. _967 |
|
| 049 | _aBNPD | ||
| 999 |
_c15597 _d15597 |
||